000 00528nam a22002177a 4500
003 UA-OsUOA
001 69669
007 ta
008 20100705b un ||||| |||| 00| 0 ukr d
100 _aКир'ян Н.
090 _a32
_bК43
942 _cSA
040 _aUA-OsUOA
_bukr
_cUA-OsUOA
_dUA-OsUOA
245 _aЕмський указ і Валуєвський циркуляр діють?
300 _aС.11
955 _a0
041 _aukr
080 _a32
773 0 _w69667
650 7 _a32 Політика
_2UDC
999 _c355950
_d355950